000 00838nam a22001937a 4500
999 _c60327
_d60327
003 Ge_BSU
005 20230629115214.0
008 230629s1995 ge ||||| |||| 00| 0 geo d
041 _ageo
080 _a32.001 ა-81
100 _aარისტოტელე
_911894
245 _aპოლიტიკა. ნაწ. 1 /
_cარისტოტელე; ძვ. ბერძნ. თარგმნა, შესავ. წერილი და განმარტებები დაურთო თამარ კუკავამ.
264 _aთბილისი,
_c1995.
300 _a136 გვ.;
_b20 სმ.
653 _aპოლიტოლოგია.
653 _aსახელმწიფო
700 _aკუკავა, თამარ
_eმთარგმნელი
_910261
942 _2udc
_cBK